[Event "Madrid-chT Honor 2223"]
[Site "Madrid"]
[Date "2023.01.15"]
[Round "5.6"]
[White "Rey Martinez, Jaime"]
[Black "Blanco Samaniego, Alejandro"]
[Result "1-0"]
[WhiteElo "2251"]
[BlackElo "1891"]
[PlyCount "65"]
[EventDate "2022.11.20"]
[EventType "team-tourn"]
[EventRounds "14"]
[EventCountry "ESP"]
[SourceTitle "EXT 2024"]
[Source "ChessBase"]
[SourceDate "2023.10.10"]
[SourceVersion "1"]
[SourceVersionDate "2023.10.10"]
[SourceQuality "1"]
[WhiteTeam "Alcorcon Diagonal"]
[BlackTeam "Villalba 64"]
[WhiteTeamCountry "ESP"]
[BlackTeamCountry "ESP"]

1. e4 c5 2. Nf3 Nc6 3. d4 cxd4 4. Nxd4 g6 5. c4 Bg7 6. Be3 Nf6 7. Nc3 Nxd4 8. Bxd4 d6 9. Be2 0-0 10. 0-0 Bd7 11. h3 Bc6 12. Qc2 Nd7 13. Bxg7 Kxg7 14. b4 b6 15. f4 Rc8 16. Rad1 Qc7 17. Qd2 Rfd8 18. Rc1 Kg8 19. Qe3 a5 20. a3 Qa7 21. Bg4 Ra8 22. b5 Bb7 23. Bxd7 Rxd7 24. f5 Rc8 25. Na4 Rdc7 26. Qd4 Ba8 27. f6 Re8 28. e5 Qb7 29. Rf2 dxe5 30. Qxe5 Qb8 31. Re2 Kf8 32. Rce1 Rxc4 33. fxe7+ 1-0

[Event "ESP-chT Rapid"]
[Site "Ciudad Real"]
[Date "2021.10.10"]
[Round "8.5"]
[White "Blanco Samaniego, Alejandro"]
[Black "Castillo Dalmau, Albert"]
[Result "0-1"]
[WhiteElo "1947"]
[BlackElo "2230"]
[PlyCount "54"]
[EventDate "2021.10.09"]
[EventType "team-swiss (rapid)"]
[EventRounds "9"]
[EventCountry "ESP"]
[SourceTitle "CBM 204 Extra"]
[Source "ChessBase"]
[SourceDate "2021.11.30"]
[SourceVersion "1"]
[SourceVersionDate "2021.11.30"]
[SourceQuality "1"]
[WhiteTeam "Madrid 64Villalba II"]
[BlackTeam "Villa Olimpica"]
[WhiteTeamCountry "ESP"]
[BlackTeamCountry "ESP"]

1. e4 c6 2. d4 d5 3. e5 Bf5 4. h4 h5 5. Ne2 e6 6. Bg5 Qb6 7. Qc1 c5 8. c3 Nc6 9. Be3 Rc8 10. Qd2 Nh6 11. Bxh6 Rxh6 12. Na3 cxd4 13. Nxd4 Nxd4 14. cxd4 a6 15. Rc1 Rxc1+ 16. Qxc1 Bb4+ 17. Ke2 Kd7 18. Ke3 Rh8 19. Bd3 Bxd3 20. Kxd3 Rc8 21. Qd1 Bxa3 22. Qa4+ Qb5+ 23. Qxb5+ axb5 24. bxa3 Ra8 25. Kc3 Rxa3+ 26. Kb4 Rxa2 27. Rf1 Kc6 0-1

[Event "Collado Villalba 64 op 7th"]
[Site "Collado Villalba"]
[Date "2019.08.04"]
[Round "9"]
[White "Blanco Samaniego, Alejandro"]
[Black "Olmos Sanz, Francisco J"]
[Result "1-0"]
[WhiteElo "1937"]
[BlackElo "1564"]
[PlyCount "55"]
[EventDate "2019.07.29"]
[EventType "swiss"]
[EventRounds "9"]
[EventCountry "ESP"]
[SourceTitle "CBM 195 Extra"]
[Source "ChessBase"]
[SourceDate "2020.05.31"]
[SourceVersion "1"]
[SourceVersionDate "2020.05.31"]
[SourceQuality "1"]

1. e4 c5 2. Nf3 d6 3. d4 cxd4 4. Nxd4 Nf6 5. Nc3 a6 6. f3 Nc6 7. Be3 Bd7 8. Qd2 b5 9. a3 e6 10. Nxc6 Bxc6 11. Bd3 Be7 12. 0-0 Qc7 13. Rad1 0-0 14. Qf2 Rab8 15. g4 Rfc8 16. g5 Ne8 17. f4 d5 18. f5 dxe4 19. fxe6 f6 20. Nxe4 Bxe4 21. Bxe4 Bc5 22. g6 h6 23. Bxc5 Qxc5 24. Qxc5 Rxc5 25. Rf5 Rxf5 26. Bxf5 Rb7 27. Rd7 Rb6 28. e7 1-0

[Event "Collado Villalba 64 op 7th"]
[Site "Collado Villalba"]
[Date "2019.08.03"]
[Round "7"]
[White "Blanco Samaniego, Alejandro"]
[Black "Khudov, Oleksandr"]
[Result "0-1"]
[WhiteElo "1937"]
[BlackElo "2091"]
[PlyCount "100"]
[EventDate "2019.07.29"]
[EventType "swiss"]
[EventRounds "9"]
[EventCountry "ESP"]
[SourceTitle "CBM 195 Extra"]
[Source "ChessBase"]
[SourceDate "2020.05.31"]
[SourceVersion "1"]
[SourceVersionDate "2020.05.31"]
[SourceQuality "1"]

1. e4 e6 2. d4 d5 3. Nc3 Nf6 4. e5 Nfd7 5. f4 c5 6. Nf3 Nc6 7. Be3 a6 8. Qd2 b5 9. Ne2 Qc7 10. Ng3 cxd4 11. Nxd4 Na5 12. c3 Bb7 13. Qf2 Be7 14. Be2 Nc4 15. Bg4 Nc5 16. Rd1 Bh4 17. Nxb5 axb5 18. Bxc5 Nxb2 19. Qxb2 Qxc5 20. Rd4 Ra3 21. Be2 Bc6 22. Qb4 Qxb4 23. Rxb4 Rxc3 24. Bxb5 Bxb5 25. Rxb5 Rc1+ 26. Kd2 Rxh1 27. Nxh1 0-0 28. g3 Be7 29. Kc2 Ra8 30. Kb2 f6 31. exf6 gxf6 32. Nf2 Kf7 33. Nd3 h5 34. Kb3 Ra3+ 35. Kc2 Rxa2+ 36. Rb2 Rxb2+ 37. Kxb2 Kg6 38. Kc3 Kf5 39. Kd4 Kg4 40. Ne1 Kh3 41. Nf3 Kg2 42. Ke3 Bc5+ 43. Ke2 Bg1 44. Nxg1 Kxg1 45. h3 f5 46. Kf3 d4 47. g4 fxg4+ 48. hxg4 h4 49. Ke4 h3 50. Kxd4 h2 0-1

[Event "Collado Villalba 64 op 7th"]
[Site "Collado Villalba"]
[Date "2019.07.30"]
[Round "2"]
[White "Centeno Mendoza, Julio Stefano"]
[Black "Blanco Samaniego, Alejandro"]
[Result "1-0"]
[WhiteElo "1725"]
[BlackElo "1937"]
[PlyCount "33"]
[EventDate "2019.07.29"]
[EventType "swiss"]
[EventRounds "9"]
[EventCountry "ESP"]
[SourceTitle "CBM 195 Extra"]
[Source "ChessBase"]
[SourceDate "2020.05.31"]
[SourceVersion "1"]
[SourceVersionDate "2020.05.31"]
[SourceQuality "1"]

1. e4 c5 2. d4 cxd4 3. c3 dxc3 4. Nxc3 d6 5. Bc4 Nc6 6. Nf3 Bg4 7. Bxf7+ Kxf7 8. Ng5+ Ke8 9. Qxg4 Nf6 10. Qe6 Nd4 11. Qf7+ Kd7 12. 0-0 h6 13. Qc4 hxg5 14. Qxd4 Qa5 15. Rd1 Ng4 16. h3 Ne5 17. b4 1-0

[Event "Villalba op 3rd"]
[Site "Villalba"]
[Date "2015.08.16"]
[Round "9"]
[White "Blanco Samaniego, Alejandro"]
[Black "Aziz Ortego, Omar Luis"]
[Result "1-0"]
[WhiteElo "1852"]
[BlackElo "2123"]
[PlyCount "81"]
[EventDate "2015.08.09"]
[EventType "swiss"]
[EventRounds "9"]
[EventCountry "ESP"]
[SourceTitle "EXT 2024"]
[Source "ChessBase"]
[SourceDate "2023.10.10"]
[SourceVersion "1"]
[SourceVersionDate "2023.10.10"]
[SourceQuality "1"]

1. e4 c5 2. Nf3 g6 3. d4 cxd4 4. Nxd4 Bg7 5. Be3 d6 6. Nc3 Nc6 7. Qd2 a6 8. Bc4 Ne5 9. Bb3 b5 10. Bd5 Rb8 11. f4 b4 12. Nce2 Nd7 13. Nc6 Qc7 14. Nxb8 Qxb8 15. Bd4 Ngf6 16. 0-0 e6 17. Bc6 0-0 18. Ng3 e5 19. fxe5 Nxe5 20. Bxe5 dxe5 21. Ba4 h5 22. Qg5 Ng4 23. Bb3 Qb6+ 24. Kh1 Bh6 25. Qe7 Bf4 26. Rf3 Nf2+ 27. Rxf2 Qxf2 28. Rf1 Qb6 29. Ne2 Qb5 30. Rf2 Qc6 31. Nxf4 exf4 32. Rxf4 Be6 33. Bxe6 Qxe6 34. Qxe6 fxe6 35. Rxf8+ Kxf8 36. Kg1 Ke7 37. Kf2 Kd6 38. Ke3 Ke5 39. h4 a5 40. c3 bxc3 41. bxc3 1-0

[Event "Villalba op 3rd"]
[Site "Villalba"]
[Date "2015.08.15"]
[Round "7"]
[White "Blanco Samaniego, Alejandro"]
[Black "Andrade Sandoval, Jim Carlos"]
[Result "0-1"]
[WhiteElo "1852"]
[BlackElo "1824"]
[PlyCount "53"]
[EventDate "2015.08.09"]
[EventType "swiss"]
[EventRounds "9"]
[EventCountry "ESP"]
[SourceTitle "EXT 2024"]
[Source "ChessBase"]
[SourceDate "2023.10.10"]
[SourceVersion "1"]
[SourceVersionDate "2023.10.10"]
[SourceQuality "1"]

1. e4 e6 2. d4 c5 3. Nf3 b6 4. Bd3 Bb7 5. Nc3 cxd4 6. Nxd4 d6 7. Qe2 Nf6 8. Bg5 a6 9. 0-0-0 Be7 10. f3 Nxe4 11. Nxe4 Bxg5+ 12. Kb1 Be7 13. g4 Qc7 14. h4 Nd7 15. Ng5 e5 16. Nf5 Bxg5 17. hxg5 0-0-0 18. Bxa6 Nc5 19. Bxb7+ Nxb7 20. Nxg7 Rdg8 21. Nf5 Rxg5 22. Qd2 Rg6 23. Rh6 Kd7 24. Qd5 Re6 25. Rdh1 Rc8 26. c3 Nd8 27. Rxh7 0-1

[Event "Villalba op 3rd"]
[Site "Villalba"]
[Date "2015.08.10"]
[Round "2"]
[White "Blanco Samaniego, Alejandro"]
[Black "Lopez de Turiso, Jose Angel"]
[Result "1-0"]
[WhiteElo "1852"]
[BlackElo "2065"]
[PlyCount "143"]
[EventDate "2015.08.09"]
[EventType "swiss"]
[EventRounds "9"]
[EventCountry "ESP"]
[SourceTitle "EXT 2024"]
[Source "ChessBase"]
[SourceDate "2023.10.10"]
[SourceVersion "1"]
[SourceVersionDate "2023.10.10"]
[SourceQuality "1"]

1. e4 c5 2. Nf3 d6 3. d4 cxd4 4. Nxd4 Nf6 5. Nc3 g6 6. f3 Bg7 7. Be3 0-0 8. Qd2 Nc6 9. 0-0-0 d5 10. exd5 Nxd5 11. Nxc6 bxc6 12. Nxd5 cxd5 13. Qxd5 Qc7 14. Qc5 Qb7 15. Bd4 Bf5 16. Qc3 Bh6+ 17. Kb1 Rfc8 18. Bc4 Be6 19. Qb3 Qc6 20. Bxe6 fxe6 21. Rhe1 Kf7 22. Be5 a5 23. Re4 a4 24. Qc3 Qb5 25. Qd3 Rd8 26. Rd4 Qxe5 27. Rxd8 Rxd8 28. Qxd8 Bg7 29. c3 a3 30. Qd3 axb2 31. Kxb2 Qxh2 32. a4 Qxg2+ 33. Kb3 Qh2 34. Ra1 Qc7 35. Qc4 Qb7+ 36. Qb4 Qxf3 37. Qc4 Qb7+ 38. Qb5 Qc7 39. Rf1+ Bf6 40. Rf3 Qd6 41. Rd3 Qf4 42. Rd8 Kg7 43. Qe8 Kh6 44. Rd1 Qf3 45. Rc1 Bg5 46. Rc2 Bf6 47. Qd7 Qf5 48. Qb5 e5 49. a5 Qe6+ 50. Qc4 Qd6 51. Qb4 Qd5+ 52. Kb2 e4 53. a6 Be5 54. Qb7 Bxc3+ 55. Rxc3 Qd2+ 56. Kb3 Qd1+ 57. Kb4 Qd4+ 58. Rc4 Qd2+ 59. Ka4 Qa2+ 60. Kb5 Qb3+ 61. Kc5 Qa3+ 62. Kc6 e3 63. Re4 Qc3+ 64. Kb6 Qb2+ 65. Ka7 Qa2 66. Qxe7 g5 67. Rxe3 Qf2 68. Qe6+ Kh5 69. Qh3+ Kg6 70. Qf3 Qxf3 71. Rxf3 g4 72. Rg3 1-0

[Event "Madrid-chT 1314"]
[Site "Madrid"]
[Date "2014.03.08"]
[Round "13.16"]
[White "Perez de Aranda, Leonardo Ivan"]
[Black "Blanco Samaniego, Alejandro"]
[Result "1-0"]
[WhiteElo "2115"]
[BlackElo "1804"]
[PlyCount "49"]
[EventDate "2013.11.16"]
[EventType "team-tourn"]
[EventRounds "14"]
[EventCountry "ESP"]
[SourceTitle "EXT 2015"]
[Source "ChessBase"]
[SourceDate "2014.11.20"]
[SourceVersion "1"]
[SourceVersionDate "2014.11.20"]
[SourceQuality "1"]
[WhiteTeam "Virgen de Atocha"]
[BlackTeam "Villalba 64"]
[WhiteTeamCountry "ESP"]
[BlackTeamCountry "ESP"]

1. e4 c5 2. d4 cxd4 3. c3 dxc3 4. Nxc3 d6 5. Bc4 e6 6. Nf3 Nf6 7. 0-0 Nc6 8. Qe2 Be7 9. Rd1 0-0 10. e5 Ne8 11. exd6 Bxd6 12. Nb5 Qe7 13. Ng5 a6 14. Qd3 Bxh2+ 15. Kxh2 f5 16. Nc3 h6 17. Nf3 b5 18. Bb3 g5 19. Kg1 Kh7 20. Re1 Qf6 21. Be3 e5 22. Nd5 Qg7 23. Qc3 Bb7 24. Bc5 Rg8 25. Nb6 1-0

[Event "Villalba op 1st"]
[Site "Villalba"]
[Date "2013.07.31"]
[Round "5.7"]
[White "Blanco Samaniego, Alejandro"]
[Black "Julian Serra, Rogelio"]
[Result "1-0"]
[WhiteElo "1724"]
[BlackElo "2012"]
[PlyCount "83"]
[EventDate "2013.07.27"]
[EventType "swiss"]
[EventRounds "9"]
[EventCountry "ESP"]
[SourceTitle "EXT 2024"]
[Source "ChessBase"]
[SourceDate "2023.10.10"]
[SourceVersion "1"]
[SourceVersionDate "2023.10.10"]
[SourceQuality "1"]

1. e4 d5 2. exd5 Nf6 3. Nc3 Nxd5 4. d4 Nxc3 5. bxc3 e5 6. dxe5 Qxd1+ 7. Kxd1 Bc5 8. f4 0-0 9. Nf3 Nc6 10. Bd3 f6 11. exf6 Rxf6 12. Rb1 Be6 13. a4 Rd8 14. Ke2 Ba2 15. Rb5 Re6+ 16. Kf1 b6 17. g3 Ne7 18. c4 Bd4 19. Nxd4 Rxd4 20. Bb2 Rxc4 21. Bxc4 Bxc4+ 22. Kf2 Re2+ 23. Kf3 Bxb5 24. axb5 Rxc2 25. Be5 Ng6 26. Ra1 Nxe5+ 27. fxe5 Kf7 28. Rxa7 Ke6 29. Ke4 Rc5 30. h4 Rxe5+ 31. Kf4 Rc5 32. g4 Kd6 33. Ra8 Rxb5 34. Rg8 Rb4+ 35. Kg5 h6+ 36. Kh5 g6+ 37. Rxg6+ Ke7 38. Rg7+ Kf8 39. Rxc7 Rf4 40. Rc6 Kg7 41. Rg6+ Kf7 42. Rxb6 1-0